00818nam a2200217 a 450000100060000000300080000600500170001400800410003103500190007204000270009104100080011808200270012624501210015326000400027430000200031465000500033471000300038494200120041499900170042695201570044373515BD-RjUL20211209082414.0170602s1939 it 000 0 eng  a(BD-RjUL)73733 aDLCcDLCbengdBD-RjUL aeng 223a338.1094bEUR 193910aEuropean Conference on Rural Life 1939 :bGeneral Survey of medico-social policy in rural areas /cLeague of Nations aGeneva :bLeague of Nations,c1939. a45 p. ;c27 cm. aAgriculturexEconomic aspectszEurope9217518 aLeague of Nations9217519 2ddccBK c73515d73515 00102ddc40718NFICaRUCLbRUCLcReadingd1962-02-16eAligarh library,Rajshahi.g10.62l0o338.1094 EUR 1939r2017-06-03 00:00:00tC-1w2017-06-03yBK